000 00453nam a22001817a 4500
003 MPLRDC
005 20220104143100.0
008 210129b ||||| |||| 00| 0 eng d
020 _a7-80026-017-8
082 _a414.34 WZL
100 _a闻子良等著
245 _a花卉的栽培与药用
_c
250 _a一版一刷
260 _a
_b中国农业科技出版社
_c1988
300 _b
650 _a中药材--花
942 _cBK
_o414.34 WZL
999 _c36449
_d36439